[Event "10. Torneo I. Cidade de Pontevedra 2022"]
[Site "Pontevedra ESP"]
[Date "2022.07.26"]
[Round "4.5"]
[White "Pulvett Marin, Daniel Eduardo"]
[Black "Bernal Moro, Luis Javier"]
[Result "1-0"]
[WhiteElo "2523"]
[BlackElo "2404"]
[PlyCount "243"]
[EventDate "2022.07.24"]
[EventType "swiss"]
[EventRounds "9"]
[EventCountry "ESP"]
[SourceTitle "Ajedrez en Madrid"]
[Source "lmi"]
[SourceDate "2022.07.24"]
[SourceVersion "1"]
[SourceVersionDate "2022.08.06"]
[SourceQuality "1"]

1. d4 Nf6 2. c4 g6 3. Nc3 Bg7 4. e4 d6 5. Nf3 O-O 6. Be2 e5 7. d5 Nbd7 8. Be3
Ng4 9. Bg5 f6 10. Bd2 f5 11. Ng5 Nc5 12. b4 fxe4 13. O-O e3 14. Bxg4 Qxg5 15.
Bxc8 exd2 16. bxc5 Raxc8 17. Ne4 Qh4 18. Qe2 dxc5 19. g3 Qe7 20. Qxd2 b6 21. f3
Rcd8 22. a4 c6 23. d6 Qe6 24. Qd3 Rd7 25. a5 Rb8 26. Rfd1 Bf8 27. Ra2 Qf5 28.
Rad2 Kh8 29. axb6 axb6 30. Qb3 Rbb7 31. Kg2 Qf7 32. Qa2 Kg7 33. Qa4 h6 34. Rc1
b5 35. Qa6 bxc4 36. Nxc5 Rxd6 37. Rf2 Ra7 38. Qb6 Qc7 39. Qb2 Kh7 40. Rxc4 Bg7
41. Qb3 Qf7 42. Qc2 Rd4 43. Rc3 Rc7 44. h4 Kg8 45. Na6 Rc8 46. Rxc6 Rxc6 47.
Qxc6 Kh7 48. Nc5 Qd5 49. Qxd5 Rxd5 50. Ne4 h5 51. Rc2 Rd7 52. Rc6 Ra7 53. Kf2
Ra2+ 54. Ke3 Bh6+ 55. Kd3 Ra3+ 56. Rc3 Ra7 57. Kc4 Rc7+ 58. Kd5 Rf7 59. Kxe5
Bg7+ 60. Ke6 Bxc3 61. Kxf7 Be1 62. Ng5+ Kh8 63. Ne4 Kh7 64. Ng5+ Kh8 65. Kxg6
Bxg3 66. Kxh5 Kg7 67. f4 Bf2 68. Ne4 Bb6 69. Kg4 Kg6 70. h5+ Kh6 71. Nd6 Bc7
72. Nf5+ Kh7 73. Ne7 Kh6 74. Nd5 Bd6 75. f5 Be5 76. Kh4 Bd4 77. Nc7 Be5 78. Ne8
Bc3 79. Kg4 Bb2 80. Nd6 Bc3 81. Nf7+ Kg7 82. Ng5 Kh6 83. Ne4 Bd4 84. Kh4 Be5
85. Nc5 Bd4 86. Nd7 Kg7 87. Kg4 Bc3 88. Nc5 Bb2 89. Nd3 Bd4 90. Nf4 Kh6 91. Nd5
Be5 92. Nf4 Bb2 93. Ng6 Bf6 94. Nf8 Kg7 95. Nd7 Bd4 96. Nb8 Be5 97. Nc6 Bc3 98.
Ne7 Bb4 99. Ng6 Kh6 100. Nf8 Bc3 101. Ne6 Be5 102. Ng5 Bb2 103. Ne4 Kg7 104.
Kh4 Bd4 105. Nd2 Kh6 106. Nc4 Kg7 107. Kg4 Kh6 108. Nd6 Kg7 109. Ne8+ Kh6 110.
f6 Bb2 111. Kh4 Bc3 112. f7 Bb4 113. Kg4 Ba3 114. Kh4 Bb4 115. Kg4 Ba3 116. Kf5
Kxh5 117. Kf6 Kh6 118. Nc7 Bb2+ 119. Ke7 Ba3+ 120. Ke8 Kg7 121. Nd5 Bf8 122.
Ne7 1-0

[Event "10. Torneo I. Cidade de Pontevedra 2022"]
[Site "Pontevedra ESP"]
[Date "2022.07.26"]
[Round "4.6"]
[White "Ruck, Robert"]
[Black "Krutti, Valer"]
[Result "1-0"]
[WhiteElo "2544"]
[BlackElo "2292"]
[PlyCount "55"]
[EventDate "2022.07.24"]
[EventType "swiss"]
[EventRounds "9"]
[EventCountry "ESP"]
[SourceTitle "Ajedrez en Madrid"]
[Source "lmi"]
[SourceDate "2022.07.24"]
[SourceVersion "1"]
[SourceVersionDate "2022.08.06"]
[SourceQuality "1"]

1. Nf3 Nf6 2. c4 c5 3. Nc3 g6 4. e4 Nc6 5. d4 cxd4 6. Nxd4 d6 7. Nc2 Bg7 8. Be2
O-O 9. O-O Be6 10. Rb1 Qd7 11. b3 Rfc8 12. Bb2 Qd8 13. Kh1 Rab8 14. f4 a6 15.
Ne3 b5 16. f5 Bd7 17. cxb5 axb5 18. Bxb5 Nxe4 19. Nxe4 Rxb5 20. Bxg7 Kxg7 21.
f6+ exf6 22. Nxd6 Re5 23. Nxc8 Qxc8 24. Nc4 Bg4 25. Qc1 Re2 26. Rb2 Qe6 27.
Rxe2 Qxe2 28. Qf4 1-0

[Event "10. Torneo I. Cidade de Pontevedra 2022"]
[Site "Pontevedra ESP"]
[Date "2022.07.26"]
[Round "4.7"]
[White "Manolache, Marius"]
[Black "Villar Perez, Samuel"]
[Result "1-0"]
[WhiteElo "2469"]
[BlackElo "2188"]
[PlyCount "81"]
[EventDate "2022.07.24"]
[EventType "swiss"]
[EventRounds "9"]
[EventCountry "ESP"]
[SourceTitle "Ajedrez en Madrid"]
[Source "lmi"]
[SourceDate "2022.07.24"]
[SourceVersion "1"]
[SourceVersionDate "2022.08.06"]
[SourceQuality "1"]

1. d4 Nf6 2. Nf3 g6 3. Nbd2 d5 4. b3 Bg7 5. Bb2 a5 6. e3 O-O 7. Be2 a4 8. bxa4
Rxa4 9. c4 Ra7 10. O-O c6 11. a4 Bf5 12. Ba3 Ne4 13. Nxe4 Bxe4 14. Qb3 dxc4 15.
Bxc4 Bxf3 16. gxf3 Nd7 17. Rab1 Bf6 18. Bb4 Bg7 19. Rfd1 e6 20. Bxf8 Qg5+ 21.
Kh1 Kxf8 22. Rg1 Qf5 23. Be2 Kg8 24. Qd1 Bf8 25. f4 Be7 26. Bf3 Bd8 27. Rb2 Qa5
28. Qb1 Qc7 29. a5 Qc8 30. Rc1 Bxa5 31. d5 exd5 32. Bxd5 Nf6 33. Bxc6 b6 34.
Bg2 Qd8 35. Rbc2 Qe7 36. Qb5 Rd7 37. Qe5 Kg7 38. Bh3 Ra7 39. Rc7 Rxc7 40. Rxc7
Qd8 41. Be6 1-0

[Event "10. Torneo I. Cidade de Pontevedra 2022"]
[Site "Pontevedra ESP"]
[Date "2022.07.26"]
[Round "4.8"]
[White "Cabezas Ayala, Ivan"]
[Black "Vignesh, N R.."]
[Result "0-1"]
[WhiteElo "2296"]
[BlackElo "2427"]
[PlyCount "96"]
[EventDate "2022.07.24"]
[EventType "swiss"]
[EventRounds "9"]
[EventCountry "ESP"]
[SourceTitle "Ajedrez en Madrid"]
[Source "lmi"]
[SourceDate "2022.07.24"]
[SourceVersion "1"]
[SourceVersionDate "2022.08.06"]
[SourceQuality "1"]

1. e4 c5 2. Nf3 d6 3. d4 cxd4 4. Nxd4 Nf6 5. Nc3 a6 6. g3 e5 7. Nb3 Be7 8. Bg5
Be6 9. Bxf6 Bxf6 10. Bg2 Be7 11. O-O Nd7 12. Nd5 Rc8 13. Qd3 Nb6 14. Na5 Nxd5
15. exd5 Bd7 16. b4 Qb6 17. Rab1 O-O 18. c4 Bd8 19. Qa3 Qa7 20. c5 Bb5 21. Rfc1
dxc5 22. bxc5 Bxa5 23. Qxa5 Rxc5 24. a4 b6 25. Qb4 Bd3 26. Rxc5 bxc5 27. Qb7
Qxb7 28. Rxb7 Rd8 29. Re7 f6 30. f4 Kf8 31. Re6 exf4 32. gxf4 Bc4 33. a5 Bb5
34. Kf2 Re8 35. Rxe8+ Kxe8 36. Ke3 Ke7 37. Kd2 Kd6 38. Kc3 g5 39. fxg5 fxg5 40.
Bf3 Bd7 41. Be2 Bc8 42. Kc4 g4 43. Bf1 h5 44. Bg2 Bd7 45. Kc3 h4 46. Kd3 h3 47.
Bh1 Bb5+ 48. Ke3 Bc4 0-1

[Event "10. Torneo I. Cidade de Pontevedra 2022"]
[Site "Pontevedra ESP"]
[Date "2022.07.26"]
[Round "4.9"]
[White "Gonzalez Perez, Arian"]
[Black "Bringas Gomez, Artai"]
[Result "1/2-1/2"]
[WhiteElo "2418"]
[BlackElo "2203"]
[PlyCount "137"]
[EventDate "2022.07.24"]
[EventType "swiss"]
[EventRounds "9"]
[EventCountry "ESP"]
[SourceTitle "Ajedrez en Madrid"]
[Source "lmi"]
[SourceDate "2022.07.24"]
[SourceVersion "1"]
[SourceVersionDate "2022.08.06"]
[SourceQuality "1"]

1. d4 Nf6 2. c4 e6 3. Nf3 d5 4. Nc3 dxc4 5. e4 Bb4 6. Bxc4 Nxe4 7. O-O Nf6 8.
Qa4+ Nc6 9. Ne5 Bd6 10. Nxc6 bxc6 11. Qxc6+ Bd7 12. Qf3 O-O 13. Bg5 Rb8 14. Ne4
Be7 15. Nxf6+ Bxf6 16. Bxf6 Qxf6 17. Qxf6 gxf6 18. b3 Bb5 19. Rac1 Rfd8 20.
Bxb5 Rxb5 21. Rxc7 Ra5 22. a4 Rb8 23. Rc3 Rd5 24. Rd1 e5 25. Rcd3 exd4 26. g3
Rbd8 27. b4 Kg7 28. Rc1 R8d7 29. Kg2 Kg6 30. Rc6 R7d6 31. Rc4 a6 32. Kf3 Kf5
33. g4+ Kg6 34. Kf4 f5 35. g5 f6 36. h4 fxg5+ 37. hxg5 h6 38. gxh6 Kxh6 39. Rc8
Kg6 40. Rg3+ Kf6 41. Rcg8 d3 42. R8g6+ Kf7 43. Rg7+ Kf8 44. Rg8+ Kf7 45. R3g7+
Kf6 46. Rg6+ Kf7 47. R8g7+ Kf8 48. Rxd6 Rxd6 49. Rg1 Rd4+ 50. Kxf5 Rxb4 51. Rd1
Rxa4 52. Rxd3 Rb4 53. Rd6 a5 54. f4 a4 55. Ra6 a3 56. Rxa3 Rb6 57. Ra7 Rc6 58.
Ke5 Rb6 59. Rd7 Ra6 60. Rd6 Rxd6 61. Kxd6 Kf7 62. Ke5 Ke7 63. Kf5 Kf7 64. Kg5
Kg7 65. f5 Kf7 66. f6 Kf8 67. Kg6 Kg8 68. f7+ Kf8 69. Kf6 1/2-1/2

[Event "10. Torneo I. Cidade de Pontevedra 2022"]
[Site "Pontevedra ESP"]
[Date "2022.07.26"]
[Round "4.10"]
[White "Bartolo, Filipe Diogo Correi"]
[Black "Martinez Reyes, Pedro Ramon"]
[Result "0-1"]
[WhiteElo "1815"]
[BlackElo "2408"]
[PlyCount "126"]
[EventDate "2022.07.24"]
[EventType "swiss"]
[EventRounds "9"]
[EventCountry "ESP"]
[SourceTitle "Ajedrez en Madrid"]
[Source "lmi"]
[SourceDate "2022.07.24"]
[SourceVersion "1"]
[SourceVersionDate "2022.08.06"]
[SourceQuality "1"]

1. e4 d5 2. exd5 Qxd5 3. Nc3 Qd6 4. d4 Nf6 5. h3 c6 6. Nf3 Bf5 7. Bd3 Bxd3 8.
Qxd3 e6 9. O-O Nbd7 10. Ne4 Nxe4 11. Qxe4 Nf6 12. Qe5 Rd8 13. Qxd6 Bxd6 14. Re1
O-O 15. Bg5 h6 16. Bxf6 gxf6 17. Rad1 Rd7 18. Re3 Rfd8 19. Red3 Bf8 20. Kf1 Bg7
21. Ke2 Kf8 22. Nh2 f5 23. Nf3 Ke7 24. c3 Rd5 25. Nh2 Bf6 26. Nf3 h5 27. Nh2
Rb5 28. b3 Rbd5 29. Nf3 Ra5 30. a4 b5 31. axb5 cxb5 32. c4 Kd6 33. Ne5 Kc7 34.
Nxf7 Rd7 35. Ne5 Bxe5 36. dxe5 Rxd3 37. Kxd3 bxc4+ 38. Kxc4 Rxe5 39. Rd2 Kc6
40. b4 Re4+ 41. Kc3 h4 42. f3 Re1 43. Rd4 Re2 44. Rxh4 Rxg2 45. Kd3 Rb2 46. Rh7
Rb3+ 47. Ke2 Rxb4 48. Rxa7 Kd5 49. Rd7+ Ke5 50. Rh7 Rb2+ 51. Ke3 Rb3+ 52. Ke2
Kf4 53. Rh4+ Kg3 54. Rh6 Rb2+ 55. Ke3 f4+ 56. Kd3 Rb3+ 57. Kd4 Re3 58. h4 Kxf3
59. h5 Re4+ 60. Kd3 e5 61. Rf6 Rd4+ 62. Kc3 Rd7 63. h6 Ke3 0-1

[Event "10. Torneo I. Cidade de Pontevedra 2022"]
[Site "Pontevedra ESP"]
[Date "2022.07.26"]
[Round "4.11"]
[White "Aguilera Lopez, Alejandro"]
[Black "Lu, Maximillian"]
[Result "0-1"]
[WhiteElo "2219"]
[BlackElo "2398"]
[PlyCount "58"]
[EventDate "2022.07.24"]
[EventType "swiss"]
[EventRounds "9"]
[EventCountry "ESP"]
[SourceTitle "Ajedrez en Madrid"]
[Source "lmi"]
[SourceDate "2022.07.24"]
[SourceVersion "1"]
[SourceVersionDate "2022.08.06"]
[SourceQuality "1"]

1. e3 Nf6 2. c4 c5 3. Nc3 g6 4. g3 d5 5. cxd5 Nxd5 6. a3 Nxc3 7. bxc3 Bg7 8. d4
Qa5 9. Bd2 O-O 10. Bg2 Rd8 11. Ne2 Qa6 12. O-O Nc6 13. Re1 Na5 14. d5 Nc4 15.
e4 e6 16. Bg5 Re8 17. h3 h6 18. Bc1 Bd7 19. Bf1 Ba4 20. Qd3 exd5 21. Nf4 Ne5
22. Qxd5 Nf3+ 23. Kh1 Qb6 24. Re3 Bc6 25. Qd1 Rxe4 26. Bg2 Bxc3 27. Qxf3 Rxe3
28. Qxe3 Bxg2+ 29. Kxg2 Qc6+ 0-1

[Event "10. Torneo I. Cidade de Pontevedra 2022"]
[Site "Pontevedra ESP"]
[Date "2022.07.26"]
[Round "4.12"]
[White "Medarde Santiago, Luis Marcos"]
[Black "Torres Boch, Jose Francisco"]
[Result "1-0"]
[WhiteElo "2330"]
[BlackElo "2188"]
[PlyCount "43"]
[EventDate "2022.07.24"]
[EventType "swiss"]
[EventRounds "9"]
[EventCountry "ESP"]
[SourceTitle "Ajedrez en Madrid"]
[Source "lmi"]
[SourceDate "2022.07.24"]
[SourceVersion "1"]
[SourceVersionDate "2022.08.06"]
[SourceQuality "1"]

1. e4 e5 2. Nf3 Nc6 3. Bb5 a6 4. Ba4 Nf6 5. O-O Be7 6. Re1 b5 7. Bb3 d6 8. c3
O-O 9. d4 Bg4 10. Be3 d5 11. exd5 exd4 12. Bg5 Na5 13. Qxd4 Bxf3 14. gxf3 Nxb3
15. axb3 h6 16. Bxf6 Bxf6 17. Qd3 Qd6 18. Nd2 Rfd8 19. Ne4 Qxd5 20. Nxf6+ gxf6
21. Re8+ Kg7 22. Qxd5 1-0

[Event "10. Torneo I. Cidade de Pontevedra 2022"]
[Site "Pontevedra ESP"]
[Date "2022.07.26"]
[Round "4.13"]
[White "Fernandez Lopez, Ruben"]
[Black "Gomez Carreno, Martin"]
[Result "1-0"]
[WhiteElo "2324"]
[BlackElo "2155"]
[PlyCount "87"]
[EventDate "2022.07.24"]
[EventType "swiss"]
[EventRounds "9"]
[EventCountry "ESP"]
[SourceTitle "Ajedrez en Madrid"]
[Source "lmi"]
[SourceDate "2022.07.24"]
[SourceVersion "1"]
[SourceVersionDate "2022.08.06"]
[SourceQuality "1"]

1. e4 e5 2. Nf3 Nc6 3. Bb5 a6 4. Ba4 Nf6 5. O-O Bc5 6. c3 b5 7. Bb3 d6 8. a4
Bg4 9. h3 Bxf3 10. Qxf3 Rb8 11. Bc2 b4 12. Qe2 a5 13. Kh1 O-O 14. f4 Re8 15. d3
Bb6 16. fxe5 Nxe5 17. d4 Ng6 18. Qf3 c5 19. Be3 Qc7 20. dxc5 Bxc5 21. Bg5 b3
22. Bd3 Ne5 23. Qe2 Nxd3 24. Bxf6 Nf2+ 25. Rxf2 Bxf2 26. Qg4 g6 27. Qf4 Re6 28.
Qxf2 Rxe4 29. Nd2 Re6 30. Bd4 Qe7 31. Nc4 d5 32. Ne3 Rd8 33. Ng4 Re2 34. Nf6+
Kf8 35. Qf4 Qe6 36. Qh4 h5 37. Rf1 Rc8 38. Qf4 Rxb2 39. Nh7+ Ke8 40. Ng5 Qe7
41. Nxf7 Qe2 42. Nd6+ Kd7 43. Qf7+ Kc6 44. Qb7+ 1-0

[Event "10. Torneo I. Cidade de Pontevedra 2022"]
[Site "Pontevedra ESP"]
[Date "2022.07.26"]
[Round "4.14"]
[White "Rey Malde, Henrique"]
[Black "Reguillaga Elias, Manex"]
[Result "0-1"]
[WhiteElo "2297"]
[BlackElo "1901"]
[PlyCount "130"]
[EventDate "2022.07.24"]
[EventType "swiss"]
[EventRounds "9"]
[EventCountry "ESP"]
[SourceTitle "Ajedrez en Madrid"]
[Source "lmi"]
[SourceDate "2022.07.24"]
[SourceVersion "1"]
[SourceVersionDate "2022.08.06"]
[SourceQuality "1"]

1. e4 e6 2. d4 d5 3. e5 c5 4. c3 Nc6 5. Nf3 Qb6 6. Bd3 Bd7 7. O-O cxd4 8. Re1
Nge7 9. h4 h6 10. Nbd2 dxc3 11. bxc3 Nc8 12. Rb1 Qc7 13. c4 Nb4 14. Bf1 Nb6 15.
cxd5 N6xd5 16. Ne4 Nc6 17. Bc4 Ncb4 18. Bb3 a5 19. Ba3 Bc6 20. Rc1 Qb6 21. Bb2
Nf4 22. Bd4 Qd8 23. Bc4 Be7 24. g3 Nfd5 25. Qe2 O-O 26. Red1 Qb8 27. Nfd2 b5
28. Bxd5 Bxd5 29. Nf6+ Bxf6 30. exf6 g6 31. Be5 Qb6 32. a3 Nc6 33. Bf4 Nd4 34.
Qd3 Nf5 35. g4 Qd4 36. Qxd4 Nxd4 37. Kf1 Kh7 38. Be3 Nc6 39. Rc5 b4 40. axb4
axb4 41. Nb1 Ne5 42. g5 h5 43. Rc7 Rac8 44. Bb6 Nc4 45. Rxc8 Rxc8 46. Bd4 Nd6
47. f4 Nf5 48. Bf2 Rc4 49. Nd2 Rxf4 50. Ke2 Nxh4 51. Rc1 Nf5 52. Rc7 e5 53. Rc5
Be6 54. Rxe5 b3 55. Bc5 Ng3+ 56. Kd3 Rf5 57. Bd4 Nf1 58. Nxf1 Rxf1 59. Rb5 h4
60. Rb4 h3 61. Bc5 Rf5 62. Bf8 Rxg5 63. Bg7 Rh5 64. Rxb3 g5 65. Ke4 h2 0-1

[Event "10. Torneo I. Cidade de Pontevedra 2022"]
[Site "Pontevedra ESP"]
[Date "2022.07.26"]
[Round "4.15"]
[White "Vidal del Rio, Manuel"]
[Black "Mirzoev, Emil"]
[Result "0-1"]
[WhiteElo "2092"]
[BlackElo "2493"]
[PlyCount "64"]
[EventDate "2022.07.24"]
[EventType "swiss"]
[EventRounds "9"]
[EventCountry "ESP"]
[SourceTitle "Ajedrez en Madrid"]
[Source "lmi"]
[SourceDate "2022.07.24"]
[SourceVersion "1"]
[SourceVersionDate "2022.08.06"]
[SourceQuality "1"]

1. e4 c5 2. Nf3 e6 3. d4 cxd4 4. Nxd4 a6 5. Nc3 b5 6. g3 Bb7 7. Bg2 Nf6 8. Qd3
d6 9. O-O Nbd7 10. Nb3 Be7 11. Kh1 O-O 12. f4 b4 13. Nd1 a5 14. Be3 Ba6 15. Qd4
e5 16. Qd2 Bxf1 17. Bxf1 Nxe4 18. Qe2 a4 19. Nc1 a3 20. b3 exf4 21. Bxf4 Bf6
22. Rb1 Re8 23. Qg2 d5 24. Nd3 Qa5 25. N3f2 Bg5 26. Nxe4 Bxf4 27. gxf4 Rxe4 28.
Nf2 Rxf4 29. Re1 Qd8 30. Bd3 Nc5 31. Bb5 Ne4 32. Nd3 Rf6 0-1

[Event "10. Torneo I. Cidade de Pontevedra 2022"]
[Site "Pontevedra ESP"]
[Date "2022.07.26"]
[Round "4.16"]
[White "Garrido Outon, Alex"]
[Black "Teijeiro Barros, Alberto"]
[Result "1-0"]
[WhiteElo "2436"]
[BlackElo "2066"]
[PlyCount "57"]
[EventDate "2022.07.24"]
[EventType "swiss"]
[EventRounds "9"]
[EventCountry "ESP"]
[SourceTitle "Ajedrez en Madrid"]
[Source "lmi"]
[SourceDate "2022.07.24"]
[SourceVersion "1"]
[SourceVersionDate "2022.08.06"]
[SourceQuality "1"]

1. e4 c6 2. d4 d5 3. e5 Bf5 4. h4 h5 5. c4 e6 6. Nc3 Nd7 7. cxd5 cxd5 8. Bd3
Bxd3 9. Qxd3 Bb4 10. Nge2 Ne7 11. Bg5 f6 12. exf6 gxf6 13. Bd2 Kf7 14. O-O Bxc3
15. bxc3 Nb6 16. Nf4 Nc4 17. Rae1 e5 18. dxe5 Nxe5 19. Qe2 Qd7 20. Nxh5 N7g6
21. f4 Ng4 22. f5 N6e5 23. Bf4 Rag8 24. Nxf6 Nxf6 25. Bxe5 Rxh4 26. Bxf6 Kxf6
27. Qe5+ Kf7 28. Rf4 Re8 29. Qe6+ 1-0

[Event "10. Torneo I. Cidade de Pontevedra 2022"]
[Site "Pontevedra ESP"]
[Date "2022.07.26"]
[Round "4.17"]
[White "Fernandez Rivero, Karla July"]
[Black "Mahitosh, Dey"]
[Result "0-1"]
[WhiteElo "2058"]
[BlackElo "2212"]
[PlyCount "124"]
[EventDate "2022.07.24"]
[EventType "swiss"]
[EventRounds "9"]
[EventCountry "ESP"]
[SourceTitle "Ajedrez en Madrid"]
[Source "lmi"]
[SourceDate "2022.07.24"]
[SourceVersion "1"]
[SourceVersionDate "2022.08.06"]
[SourceQuality "1"]

1. d4 Nf6 2. c4 g6 3. Nc3 Bg7 4. e4 d6 5. Be2 O-O 6. Nf3 Bg4 7. O-O Nfd7 8. Be3
e5 9. d5 a5 10. Nd2 Bxe2 11. Qxe2 Na6 12. b3 f5 13. f3 Nac5 14. Rab1 Qh4 15. a3
fxe4 16. Ndxe4 Nxe4 17. Nxe4 Bh6 18. Qf2 Bxe3 19. Qxe3 b6 20. Qg5 Qf4 21. Qxf4
Rxf4 22. b4 Nf6 23. Nxf6+ Rxf6 24. Rfc1 axb4 25. axb4 Rf4 26. c5 Rd4 27. cxb6
cxb6 28. Rd1 Rc4 29. h3 b5 30. Ra1 Rxa1 31. Rxa1 Rd4 32. Ra7 Rxd5 33. Rb7 h5
34. h4 Kf8 35. Kf2 Rd2+ 36. Kf1 Rd5 37. Ke2 Ke8 38. g3 Kd8 39. Ke3 Ke8 40. Ke2
Kd8 41. Ke3 Kc8 42. Rg7 Rd4 43. Rxg6 Kd7 44. f4 Rxb4 45. fxe5 dxe5 46. Rb6 Rb1
47. Ke4 Kc7 48. Rh6 b4 49. Rxh5 b3 50. Rh7+ Kc6 51. Rh6+ Kc5 52. Rh8 Re1+ 53.
Kf5 b2 54. Rb8 b1=Q+ 55. Rxb1 Rxb1 56. Kxe5 Re1+ 57. Kf5 Kd6 58. g4 Ke7 59. h5
Kf7 60. Kg5 Re5+ 61. Kh6 Kf6 62. Kh7 Kg5 0-1

[Event "10. Torneo I. Cidade de Pontevedra 2022"]
[Site "Pontevedra ESP"]
[Date "2022.07.26"]
[Round "4.18"]
[White "Pastor Alonso De Prado, Alberto"]
[Black "Gonzalez Perez, Jose Ramon"]
[Result "0-1"]
[WhiteElo "2050"]
[BlackElo "2161"]
[PlyCount "60"]
[EventDate "2022.07.24"]
[EventType "swiss"]
[EventRounds "9"]
[EventCountry "ESP"]
[SourceTitle "Ajedrez en Madrid"]
[Source "lmi"]
[SourceDate "2022.07.24"]
[SourceVersion "1"]
[SourceVersionDate "2022.08.06"]
[SourceQuality "1"]

1. Nf3 d5 2. d4 Nf6 3. c4 e6 4. Nc3 Be7 5. Bf4 O-O 6. e3 c6 7. Qc2 Nbd7 8. h3
b6 9. cxd5 exd5 10. Bd3 Bb7 11. O-O h6 12. Rfd1 Re8 13. Rac1 Nf8 14. Qe2 Ne6
15. Be5 Nd7 16. Bh2 Bf6 17. Ba6 Qc8 18. Bxb7 Qxb7 19. b4 Rac8 20. Qd3 b5 21. e4
Nb6 22. exd5 Nxd5 23. Nxd5 cxd5 24. Bd6 Rc4 25. Bc5 Nf4 26. Qd2 Ne2+ 27. Kf1
Nxc1 28. Rxc1 Qa6 29. g3 Rxc1+ 30. Qxc1 Qxa2 0-1

[Event "10. Torneo I. Cidade de Pontevedra 2022"]
[Site "Pontevedra ESP"]
[Date "2022.07.26"]
[Round "4.19"]
[White "Persson, Andreas"]
[Black "Andias, Joao Pedro Menezes"]
[Result "1-0"]
[WhiteElo "2154"]
[BlackElo "2045"]
[PlyCount "77"]
[EventDate "2022.07.24"]
[EventType "swiss"]
[EventRounds "9"]
[EventCountry "ESP"]
[SourceTitle "Ajedrez en Madrid"]
[Source "lmi"]
[SourceDate "2022.07.24"]
[SourceVersion "1"]
[SourceVersionDate "2022.08.06"]
[SourceQuality "1"]

1. d4 Nf6 2. Nf3 g6 3. g3 Bg7 4. Bg2 O-O 5. O-O d6 6. b3 Nc6 7. Bb2 e5 8. dxe5
Ng4 9. Qc1 Ngxe5 10. Nxe5 Nxe5 11. c4 Bg4 12. Nc3 a5 13. f4 Nc6 14. h3 Bd7 15.
Nd5 Nb4 16. Bxg7 Kxg7 17. Qc3+ f6 18. Nxb4 axb4 19. Qxb4 Qe7 20. Qxb7 Qe3+ 21.
Kh2 Ra7 22. Qf3 Qd2 23. Rfd1 Qb2 24. Rdb1 Qd2 25. Qd3 Qb4 26. Rd1 Ra5 27. Qd2
Qb6 28. b4 Rh5 29. c5 Qa7 30. Qd4 Qa6 31. Rd2 d5 32. h4 c6 33. Bf3 Rh6 34. a4
Re8 35. b5 cxb5 36. axb5 Qxb5 37. Rb2 Qc4 38. Qxc4 dxc4 39. Rb7 1-0

[Event "10. Torneo I. Cidade de Pontevedra 2022"]
[Site "Pontevedra ESP"]
[Date "2022.07.26"]
[Round "4.20"]
[White "Roque Sola, Jose Luis"]
[Black "Sanroman Costas, Mauro"]
[Result "1-0"]
[WhiteElo "2098"]
[BlackElo "1934"]
[PlyCount "109"]
[EventDate "2022.07.24"]
[EventType "swiss"]
[EventRounds "9"]
[EventCountry "ESP"]
[SourceTitle "Ajedrez en Madrid"]
[Source "lmi"]
[SourceDate "2022.07.24"]
[SourceVersion "1"]
[SourceVersionDate "2022.08.06"]
[SourceQuality "1"]

1. e4 c6 2. d4 d5 3. e5 c5 4. dxc5 e6 5. a3 Nc6 6. Nf3 Bxc5 7. b4 Bb6 8. Bb2 a5
9. b5 Nce7 10. a4 Nh6 11. Bd3 Ng6 12. O-O Nf4 13. c4 O-O 14. Na3 Bc5 15. cxd5
Qxd5 16. Bxh7+ Kh8 17. Qc2 Qd8 18. Qxc5 Kxh7 19. Rad1 Nd5 20. Nc4 Kg8 21. Ba3
Re8 22. Nd6 Rf8 23. Nxc8 Rxc8 24. Qxf8+ Qxf8 25. Bxf8 Kxf8 26. Rc1 Rxc1 27.
Rxc1 Ke7 28. h3 Kd7 29. Nd2 Nf5 30. g4 Nd4 31. Kf1 f6 32. Nc4 Nb3 33. Rd1 Ke7
34. exf6+ gxf6 35. Rb1 Nc5 36. Nxa5 Nc3 37. Rc1 N5xa4 38. Nxb7 Nxb5 39. Rc4
Nac3 40. Rc5 Kf7 41. f4 Kg6 42. Kg2 Kh6 43. Nd8 e5 44. fxe5 fxe5 45. Nf7+ Kg6
46. Nxe5+ Kg5 47. Nf3+ Kh6 48. h4 Kg6 49. h5+ Kh6 50. Kh3 Kg7 51. g5 Kh7 52.
Kh4 Kg7 53. h6+ Kg6 54. Ne5+ Kh7 55. Kh5 1-0

[Event "10. Torneo I. Cidade de Pontevedra 2022"]
[Site "Pontevedra ESP"]
[Date "2022.07.26"]
[Round "4.21"]
[White "Deleyn, Gunter"]
[Black "Alvarez Pampillon, Antonio"]
[Result "1/2-1/2"]
[WhiteElo "2181"]
[BlackElo "2019"]
[PlyCount "72"]
[EventDate "2022.07.24"]
[EventType "swiss"]
[EventRounds "9"]
[EventCountry "ESP"]
[SourceTitle "Ajedrez en Madrid"]
[Source "lmi"]
[SourceDate "2022.07.24"]
[SourceVersion "1"]
[SourceVersionDate "2022.08.06"]
[SourceQuality "1"]

1. c4 c5 2. g3 Nc6 3. Bg2 g6 4. Nc3 Bg7 5. e4 Nf6 6. Nge2 O-O 7. O-O Ne8 8. a3
Nc7 9. Rb1 a5 10. d3 Ne6 11. Nb5 Rb8 12. Bd2 d6 13. Bc3 Ned4 14. Nexd4 Nxd4 15.
b4 Nxb5 16. Bxg7 Nxa3 17. Bxf8 Kxf8 18. Rb3 cxb4 19. Qd2 b5 20. cxb5 Be6 21.
Qb2 Kg8 22. Rxa3 bxa3 23. Qxa3 Rxb5 24. d4 Qb6 25. d5 Bd7 26. e5 Rb3 27. Qa1
Rb2 28. e6 fxe6 29. Bh3 a4 30. Qe1 a3 31. Bxe6+ Bxe6 32. Qxe6+ Kf8 33. Qc8+ Kg7
34. Qc3+ Kf7 35. Qf3+ Ke8 36. Qxa3 Rb1 1/2-1/2

[Event "10. Torneo I. Cidade de Pontevedra 2022"]
[Site "Pontevedra ESP"]
[Date "2022.07.26"]
[Round "4.22"]
[White "Ereza Vizcarra, Fernando"]
[Black "Alvarez Dominguez, Breixo"]
[Result "1-0"]
[WhiteElo "2131"]
[BlackElo "2026"]
[PlyCount "163"]
[EventDate "2022.07.24"]
[EventType "swiss"]
[EventRounds "9"]
[EventCountry "ESP"]
[SourceTitle "Ajedrez en Madrid"]
[Source "lmi"]
[SourceDate "2022.07.24"]
[SourceVersion "1"]
[SourceVersionDate "2022.08.06"]
[SourceQuality "1"]

1. d4 Nf6 2. Nf3 e6 3. g3 b5 4. Bg2 Bb7 5. O-O c5 6. c3 cxd4 7. cxd4 Be7 8. Bg5
h6 9. Bxf6 Bxf6 10. Qd3 a6 11. e4 d6 12. Nbd2 O-O 13. Rfd1 Nd7 14. h4 Rc8 15.
Nf1 Nb6 16. Rab1 Nc4 17. Ne3 Nxe3 18. Qxe3 Rc2 19. e5 Be7 20. Ne1 Rc7 21. Bxb7
Rxb7 22. d5 exd5 23. e6 fxe6 24. Qxe6+ Kh8 25. Qxd5 Rc7 26. Nd3 Qc8 27. Nf4 Rf6
28. h5 Kh7 29. Qd3+ Qf5 30. Nd5 Qxd3 31. Rxd3 Rc2 32. Nxf6+ Bxf6 33. Rxd6 a5
34. Rd5 Bxb2 35. Rxb5 Bd4 36. Rf5 Rxa2 37. Rb8 Bf6 38. Ra8 Rc2 39. Rfxa5 Rc7
40. Rf8 Bd4 41. Rd5 Bb2 42. Rfd8 Bf6 43. R8d7 Rc1+ 44. Kg2 Kg8 45. g4 Rc4 46.
f3 Ra4 47. Rb5 Bg5 48. Rxg5 hxg5 49. Rd5 Ra2+ 50. Kg3 Ra1 51. Rxg5 Kf7 52. Rf5+
Ke7 53. Kh4 Ra4 54. f4 Ra1 55. Kg5 Ra6 56. Rb5 Kf7 57. Rb7+ Kg8 58. f5 Rc6 59.
Re7 Kf8 60. Re6 Rc4 61. h6 gxh6+ 62. Rxh6 Kg7 63. Ra6 Rc7 64. Rh6 Rc4 65. Re6
Kf7 66. Ra6 Rc3 67. Kh5 Rc1 68. Kh6 Rc4 69. Rg6 Rb4 70. Kh5 Rb5 71. Rd6 Rb1 72.
Kg5 Rb7 73. Rd4 Rc7 74. Kf4 Rc1 75. Rd7+ Ke8 76. Ra7 Re1 77. Kg5 Rg1 78. f6 Kf8
79. Kf5 Ke8 80. g5 Rf1+ 81. Kg6 Rf2 82. Kg7 1-0